Prístupy k experimentálnemu zostavovaniu súhrnných účtov ekonomiky ČSFR.

Štatistické údaje o hrubom domácom produkte ČSFR a jeho použití v roku 1989. Metodické otázky zostavenia súhrnných účtov ekonomiky. Informačné zabezpečenie experimentálneho zostavenia súhrnných účtov z ekonomiky ČSFR.

Gespeichert in:
Bibliographische Detailangaben
1. Verfasser: Adamiš, L.
Weitere Verfasser: Stratil, D.
Format: Buchkapitel
Sprache:Slowakisch
Schlagworte:
Tags: Tag hinzufügen
Keine Tags, Fügen Sie das erste Tag hinzu!

MARC

LEADER 00000naa a2200000 4500
001 r006362
005 20221125081349.0
041 0 |a slo 
044 |a [CS] 
245 1 0 |a Prístupy k experimentálnemu zostavovaniu súhrnných účtov ekonomiky ČSFR.  |c L. Adamiš, D. Stratil 
520 |a Štatistické údaje o hrubom domácom produkte ČSFR a jeho použití v roku 1989. Metodické otázky zostavenia súhrnných účtov ekonomiky. Informačné zabezpečenie experimentálneho zostavenia súhrnných účtov z ekonomiky ČSFR. 
610 2 0 |a účty výsledkové 
610 2 0 |a údaje štatistické 
610 2 0 |a ČSFR 
610 2 0 |a 1989 
610 2 0 |a zabezpečenie informačné 
610 2 0 |a produkt národný 
610 2 0 |a produkt hrubý 
610 2 0 |a metódy ekonomicko-matematické 
610 2 0 |a experimenty 
100 1 |a Adamiš, L. 
700 1 |a Stratil, D.